000 00475nam a2200181Ia 4500
001 9181
005 20260306160704.0
008 260306t1997||||xx |||||||||||||| ||spa||
041 _aESP
082 _a375
_bD69
100 _aDíaz Díaz, Hugo [ed.]
_eAUT
245 0 _aProyecto educativo y currículo:
_bmanual de aplicación para el Centro Educativo
260 _c1997
300 _a72 páginas :
_c27 cm.
650 _aGEN
654 _aCED
942 _cLIB
_dJUS
_fJUS
_2ddc
_n
999 _c9181
_d9181